5 Most Spoken Languages in Every Country L-Z - Statistics

General Stats
  • This quiz has been taken 88 times
  • The average score is 242 of 472
Answer Stats
# Country Speakers Answer % Correct
2 Malta 48k English
100%
2 Marshall Islands 2.5k English
100%
3 Monaco 3.2k English
100%
2 Nauru 380 English
100%
1 New Zealand 5m English
100%
4 Nicaragua 20.3k English
100%
4 Nigeria 40m English
100%
4 North Korea 200~ English
100%
3 Palau 1.6k English
100%
2 Portugal 61.6k English
100%
4 Rwanda 14k English
100%
1 Saint Kitts and Nevis 41.4k English
100%
2 Saint Lucia 18k English
100%
2 Saint Vincent and the Grenadines 15k~ English
100%
2 Samoa <10k English
100%
2 Seychelles 6.6k English
100%
4 South Africa 6.16m English
100%
5 South Korea 145k English
100%
3 Sri Lanka 74k English
100%
4 Switzerland 482k English
100%
4 Trinidad and Tobago 27k English
100%
1 United Kingdom 67.8m English
100%
1 United States 245m English
100%
2 Madagascar 120k French
100%
3 Mauritius 55.8k French
100%
1 Monaco 22k French
100%
3 Rwanda 14k French
100%
4 Seychelles 918 French
100%
2 Switzerland 2.04m French
100%
1 Mexico 128m Spanish
96%
1 Nicaragua 4.3m Spanish
96%
1 Panama 4.2m Spanish
96%
1 Paraguay 4.17m Spanish
96%
1 Peru 28.3m Spanish
96%
4 Saint Kitts and Nevis 550 Spanish
96%
4 San Marino 73 Spanish
96%
1 Spain 38.8m Spanish
96%
3 Trinidad and Tobago 48k Spanish
96%
2 United States 41.3m Spanish
96%
1 Uruguay 3.3m Spanish
96%
1 Venezuela 28.1m Spanish
96%
4 Madagascar 60k Arabic
94%
5 Malta 1.7k Arabic
94%
1 Mauritania 4m Arabic
94%
1 Morocco 35m Arabic
94%
5 Netherlands >300k Arabic
94%
3 Norway 83.5k Arabic
94%
1 Oman 3m Arabic
94%
1 Palestine 5.3m Arabic
94%
4 Qatar 337k Arabic
94%
5 Saint Vincent and the Grenadines 500~ Arabic
94%
1 Saudi Arabia 26.9m Arabic
94%
3 Somalia 380k Arabic
94%
5 Spain 1.1m Arabic
94%
1 Sudan 36m Arabic
94%
2 Sweden 400k~ Arabic
94%
1 Syria 21.2m Arabic
94%
1 Tunisia 12m Arabic
94%
3 Turkey 4.25m Arabic
94%
1 United Arab Emirates 7.65m Arabic
94%
5 United States 1.39m Arabic
94%
1 Yemen >35m~ Arabic
94%
2 Moldova 284k Russian*
94%
5 Monaco 600~ Russian
94%
3 Montenegro 15k Russian
94%
1 Russia 117.1m Russian
94%
4 Tajikistan 53.2k Russian
94%
2 Turkmenistan 903k Russian
94%
2 Ukraine 11.3m Russian
94%
5 Uzbekistan 700k Russian
94%
4 Monaco 1.5k German
93%
4 Paraguay 166k German
93%
3 Poland 96k German
93%
5 Slovenia 5.2k German
93%
1 Switzerland 5.6m German
93%
4 Uruguay 10k German
93%
4 Solomon Islands 16.9k Lau
93%
4 Taiwan 299k Malay / Indonesian
93%
5 Madagascar >50k~ Mandarin
93%
5 Marshall Islands <80~ Mandarin
93%
5 Nauru 140 Mandarin
93%
3 New Zealand 95k Mandarin
93%
5 Nicaragua 7k Mandarin
93%
2 North Korea 10k Mandarin
93%
4 Palau 900 Mandarin
93%
4 Samoa 600~ Mandarin
93%
1 Singapore 2m Mandarin
93%
2 South Korea 300k~ Mandarin
93%
2 Taiwan 4.6m Mandarin
93%
2 Tonga 3k Mandarin
93%
1 Mozambique 17.4m Portuguese
93%
3 Paraguay 400k Portuguese
93%
1 Portugal 9.9m Portuguese
93%
1 São Tomé and Príncipe 120k Portuguese
93%
5 Switzerland 330k Portuguese
93%
3 Uruguay 30k Portuguese
93%
5 Venezuela 185k Portuguese
93%
1 Netherlands 17.4m Dutch
91%
1 Suriname 410k Dutch
91%
3 Malta 3k Italian
91%
2 Monaco 7.3k Italian
91%
5 Montenegro 200~ Italian
91%
2 San Marino 4.8k Italian
91%
4 Slovenia 7k Italian
91%
3 Switzerland 732k Italian
91%
2 Uruguay 90k Italian
91%
4 Venezuela 200k Italian
91%
1 Moldova 2.37m Romanian
91%
1 North Korea 26m Korean
90%
1 South Korea 51.6m Korean
90%
1 Malaysia 20m Malay
90%
4 Singapore 785k Malay
90%
1 Romania 17.3m Romanian
90%
3 San Marino 121 Romanian
90%
3 Ukraine 255k Romanian
90%
3 United Kingdom 471k Romanian
90%
1 Sweden 9.5m Swedish
90%
5 Maldives 3k Tagalog
90%
3 Marshall Islands <300~ Tagalog
90%
2 Palau 1.75k Tagalog
90%
1 Philippines 43.1m Tagalog
90%
5 Qatar 230k Tagalog
90%
3 Saudi Arabia 900k Tagalog
90%
4 United Arab Emirates 560k Tagalog
90%
3 United States 1.72m Tagalog
90%
4 Maldives <10k~ Urdu
90%
5 Oman 70k~ Urdu
90%
5 Pakistan 23.3m Urdu
90%
5 Saudi Arabia 740k Urdu
90%
5 United Kingdom 269k Urdu
90%
2 Maldives <25k~ Hindi
88%
4 Mauritius 25k Hindi
88%
4 New Zealand 69k Hindi
88%
3 North Korea 580 Hindi
88%
2 Slovenia 159k Serbo-Croatian / Bosnian / Montenegrin
88%
1 Montenegro 552k Serbo-Croatian / Montenegrin / Bosnian
88%
3 North Macedonia 64.5k Turkish
88%
3 Palestine 150k~ Turkish
88%
5 Romania 18.9k Turkish
88%
3 Syria 1m~ Turkish
88%
1 Turkey 83.4m Turkish
88%
3 Moldova 114k Ukrainian*
88%
4 Romania 47.4k Ukrainian
88%
5 Russia 1.12m Ukrainian*
88%
5 San Marino 63 Ukrainian
88%
1 Ukraine 25.8m Ukrainian
88%
1 Mongolia 3m Mongolian
87%
1 Norway 5m Norwegian
87%
1 North Macedonia 1.21m Macedonian
86%
2 Norway 97k Polish
86%
1 Poland 37.8m Polish
86%
5 Sweden 95k~ Polish
86%
2 United Kingdom 611k Polish
86%
5 North Macedonia 29.8k Serbo-Croatian / Bosnian
86%
1 Serbia 5.6m Serbo-Croatian / Bosnian
86%
4 South Korea 174k Thai
86%
1 Thailand 28.6m Thai
86%
3 South Korea 200k Vietnamese
86%
5 Taiwan 255k Vietnamese
86%
4 United States 1.52m Vietnamese
86%
1 Vietnam 87m Vietnamese
86%
1 Nepal 13m Nepali
84%
3 Qatar 400k Nepali
84%
5 Serbia 44.3k Slovak
84%
1 Slovakia 4.5m Slovak
84%
5 Rwanda 2.8k Swahili
84%
2 Tanzania 3m~ Swahili
84%
1 Malta 510k Maltese
83%
1 South Africa 14.5m Zulu
83%
5 New Zealand 52k Yue
81%
2 Venezuela 400k~ Yue
81%
2 Tajikistan 1.26m Uzbek
80%
3 Turkmenistan 677k Uzbek
80%
1 Uzbekistan 31m Uzbek
80%
2 Namibia 317k Afrikaans
78%
3 South Africa 8.6m Afrikaans
78%
2 New Zealand 101k Samoan
78%
1 Samoa 210k Samoan
78%
4 Tonga 317 Samoan
78%
1 Slovenia 1.85m Slovene
78%
1 Myanmar 33m Burmese
77%
3 Sweden 250k Finnish
77%
2 Palestine 350k Hebrew
75%
1 Madagascar 31.5m Malagasy
75%
5 Seychelles 762 Malagasy
75%
1 Tajikistan 8.98m Tajik
75%
2 Uzbekistan 3m Tajik
75%
3 Malaysia 1.99m Tamil
75%
5 Myanmar 1m Tamil
75%
3 Seychelles 4k~ Tamil
75%
2 Sri Lanka 6m~ Tamil
75%
1 Turkmenistan 5.42m Turkmen
75%
2 Montenegro 33.4k Albanian
74%
2 North Macedonia 457k Albanian
74%
4 Malta 2.5k Bulgarian
74%
5 Moldova 75k Bulgarian
74%
5 Ukraine 106k Bulgarian
74%
5 Slovakia 19k Czech
74%
3 Mongolia 106k Kazakh
72%
4 Turkmenistan 143k Kazakh
72%
3 Uzbekistan 877k Kazakh
72%
4 Norway 43.2k Somali
72%
1 Somalia 14.9m Somali
72%
2 Yemen >400k~ Somali
72%
4 Oman 190k Bengali
71%
2 Qatar 400k Bengali
71%
2 Saudi Arabia 1.5m Bengali
71%
3 United Arab Emirates 750k Bengali
71%
2 Spain 3.83m Catalan
71%
2 Romania 1.19m Hungarian
71%
2 Serbia 174k Hungarian
71%
2 Slovakia 466k Hungarian
71%
4 Ukraine 129k Hungarian
71%
3 Nigeria 41m Igbo
71%
1 Nauru 11.4k Nauruan
70%
2 Pakistan 46.7m Pashto
70%
5 United Arab Emirates 523k Pashto
70%
5 Mauritius 24k Punjabi
70%
1 Pakistan 93.3m Punjabi
70%
4 Saudi Arabia 800k Punjabi
70%
4 United Kingdom 290k Punjabi
70%
3 Zambia 3.73m isiTonga
67%
1 Tuvalu 11k Tuvaluan
67%
1 Maldives 500k Dhivehi
65%
1 Taiwan 16m Hokkien
65%
4 Marshall Islands <100~ Japanese
65%
5 North Korea >5 Japanese
65%
5 Tonga 103 Japanese
65%
1 Marshall Islands 36k Marshallese
65%
2 South Africa 10.2m Xhosa
65%
2 Nigeria 48m Yoruba
65%
1 Palau 17k Palauan
64%
5 Thailand 1.29m Khmer
62%
5 Vietnam 1m Khmer
62%
3 Tajikistan 85.1k Kyrgyz
62%
5 Poland 26k Belarusian
61%
1 Rwanda 14m Kinyarwanda
58%
5 São Tomé and Príncipe 557 Kinyarwanda
58%
3 Maldives <19k~ Sinhala
57%
1 Sri Lanka 17.3m Sinhala
57%
2 Russia 4.2m Tatar
57%
5 Turkmenistan 67k Tatar
57%
1 Niger 15.1m Hausa
55%
1 Nigeria 57m Hausa
55%
1 Tonga 97k Tongan
55%
2 Tunisia 21k Tunisian Sign Language
54%
5 Norway 37k Lithuanian
52%
1 Seychelles 119k Seychellois Creole
51%
2 Mali 1.2m Soninke
51%
4 Mauritania 180k Soninke
51%
5 Palestine 5k Armenian
48%
5 Syria 100k Armenian
48%
4 Spain 1.4m Galician
48%
3 Russia 1.3m Chechen
45%
2 Philippines 25.5m Cebuano
43%
2 Rwanda 50k Kirundi
43%
3 Mali 1m Maasina Fulfulde
43%
5 Nigeria 17m Nigerian Fulfulde
43%
3 Mauritania 185k Wolof
43%
1 Senegal 7.45m Wolof
43%
2 Paraguay 2m Guaraní
42%
1 Mauritius 1.1m Mauritian Creole
42%
4 Peru 500k Aymara
41%
2 Zambia 5.39m Chewa
41%
3 Zimbabwe 1.5m~ Chewa
41%
1 Malawi 6.1m chiChewa
41%
1 Zimbabwe 12m~ Shona
41%
2 Mexico 775k Yucatec Maya
41%
5 Somalia 41.6k Oromo
39%
3 Papua New Guinea 130k Tok Pisin
39%
1 Saint Lucia 158k Saint Lucian Creole
38%
4 Nauru 263 Fijian
36%
5 Samoa 156 Fijian
36%
3 Tonga 687 Fijian
36%
5 Malaysia 1.78m Hakka
36%
4 Panama 64k Hakka
36%
3 Taiwan 2.58m Hakka
36%
2 Vanuatu 10k Bislama
35%
2 Poland 460k Silesian
35%
1 Timor-Leste 590.7k Tetun-Dili / Prasa / Tetum
35%
3 Netherlands 450k West Frisian
35%
1 Mali 4m Bambara
32%
4 Malaysia 1.96m Hokkien
32%
3 Singapore 1.2m Hokkien
32%
3 Oman 200k Malayalam
32%
1 Qatar 440k Malayalam
32%
2 United Arab Emirates 1m Malayalam
32%
3 Pakistan 36.1m Sindhi
30%
3 Togo 476k Gen
29%
4 Philippines 7.6m Ilocano
28%
2 Myanmar 4.7m Shan
28%
2 Oman 500k Balochi
26%
4 Russia 1.15m Bashkir
26%
2 Zimbabwe 2.5m~ Northern Ndebele
26%
3 Suriname 130k Sranan Tongo
26%
4 Syria 200k~ Suret / Assyrian
26%
4 Mozambique 3.5m Xitsonga
26%
2 Saint Kitts and Nevis 40k Saint Kitts Creole (Hard to know the amount of L1 speakers of St. Kitts Creole vs English so both are here)
25%
4 Poland 87k Kashubian
25%
3 Nauru 280 Kiribati
25%
2 Tuvalu 100 Kiribati / Nuian
25%
1 Uganda 5.6m Luganda
25%
4 Saint Lucia 742 Trinidadian Creole
25%
3 Saint Vincent and the Grenadines 3.4k Trinidadian Creole
25%
1 Trinidad and Tobago 1m Trinidadian Creole
25%
3 Morocco 3.1m Central Atlas Tamazight
23%
5 South Africa 5.84m Northern Sotho
23%
4 Moldova 90k Gagauz
22%
4 Slovakia 39k Rusyn
22%
3 Sierra Leone 913k Krio
20%
2 Nepal 3.2m Maithili
20%
3 Myanmar 2m S'gaw Karen
20%
4 Mongolia 80k Buryat
19%
1 Micronesia 45.9k Chuukese
17%
4 Sweden 100k~ Kurmanji
17%
2 Syria 2m~ Kurmanji
17%
2 Turkey 9m Kurmanji
17%
1 San Marino 27.8k Sammarinese / Romagnol
17%
1 South Sudan 4.2m Dinka
16%
1 Togo 3.1m Eʋe
16%
3 Philippines 7.9m Hiligaynon
16%
4 Senegal 1.1mn Mandinka
16%
3 Namibia 262k Otjiherero
16%
5 Micronesia 5.1k Yapese
16%
1 Zambia 6.6m Bemba
14%
2 Panama 270k Bocas del Toro Creole
14%
3 Saint Kitts and Nevis 800 Guyanese Creole
14%
3 Saint Lucia 1.8k Guyanese Creole
14%
2 Thailand 18m Isan
14%
5 Paraguay 40k Plautdietsch
14%
4 Uzbekistan 872k Qaraqalpaq
14%
2 Singapore 1.8m Singlish
14%
3 Spain 1.91m Valencian
14%
1 Saint Vincent and the Grenadines 108k Vincentian Creole
14%
2 Netherlands 1.7m Dutch Low Saxon
13%
2 Nicaragua 154k Miskito
13%
1 Namibia 1.49m Oshiwambo
13%
2 Micronesia 30k Pohnpeian
13%
4 Pakistan 30.2m Saraiki
13%
4 Netherlands 350k Papiamento
12%
4 Montenegro 3k~ Balkan Romani
10%
4 North Macedonia 34.6k Balkan Romani
10%
3 Serbia >80k Balkan Romani
10%
3 Slovenia 8.5k Balkan Romani
10%
2 Sudan 2.55m Beja
10%
2 Mauritius 64.7k Bhojpuri
10%
3 Nepal 1.8m Bhojpuri
10%
3 Slovakia 101k Carpathian Romani
10%
5 Namibia 210k Khoekhoegowab
10%
3 Micronesia 8k Kosraean
10%
2 South Sudan 1.8m Nuer
10%
3 Yemen 110k Soqotri
10%
2 Peru 2.91m Southern Quechua
10%
5 Trinidad and Tobago 1.6k Trinidadian Hindustani
10%
5 Philippines 4.2m Bikol Naga
9%
2 Mozambique 8.6m eMakhuwa
9%
2 Suriname 150k Sarnami Hindustani
9%
2 Vietnam 1.63m Tày
9%
3 Romania 227k Vlax Romani
9%
4 Turkey 1.28m Zazakî
9%
3 Sudan 790k Fur
7%
2 Sierra Leone 2m KʌThemnɛ
7%
5 Yemen 50k Mehri
7%
1 Sierra Leone 2.5m Mɛnde
7%
3 Vietnam 1.1m Mường
7%
2 Mongolia 200k Oirat
7%
2 Mauritania 300k Pulaar
7%
2 Senegal 4.09m Pulaar
7%
2 Morocco 5.3m Tashelhiyt
7%
2 Trinidad and Tobago 300k Tobagonian Creole
7%
4 Portugal 48.8k Cape Verdean Creole
6%
3 São Tomé and Príncipe 20k Cape Verdean Creole
6%
3 Malawi 3.7m chiYao
6%
3 Thailand 7.8m Kam Mueang
6%
4 Malawi 2.4m Malawian Sena
6%
3 Mozambique 3.9m Sena
6%
4 Thailand 6.4m Southern Thai
6%
4 Morocco 1.27m Tarifit
6%
4 Togo 339k Tem
6%
3 Venezuela 294k Wayúu
6%
2 Niger 4.8m Zarma
6%
2 Malawi 4.1m chiTumbuka
4%
1 Papua New Guinea 230k Enga
4%
4 Saint Vincent and the Grenadines 1k Garifuna
4%
5 Panama 61k Guna
4%
4 Tunisia 11k Jerba Berber
4%
5 Zimbabwe 700k Kalanga
4%
2 Somalia 2.5m Maay Maay
4%
3 Panama 170k Ngäbere
4%
4 Uganda 3m Nkore
4%
2 Solomon Islands 24.3k Pijin
4%
3 Senegal 1.2m Serer
4%
2 Uganda 5.5m Southern Luo
4%
3 Tanzania 2.4m Tumbuka
4%
4 Suriname 67k Aukan
3%
4 Timor-Leste 94.9k Baikeno / Uab Metô
3%
5 Saint Lucia 740 Bajan Creole
3%
5 Mozambique 2.5m Elomwe
3%
2 São Tomé and Príncipe 70k Forro Creole
3%
2 Papua New Guinea 150k Huli
3%
5 Turkey 1.1m Kabardian
3%
5 Malawi 2.2m Malawi Lomwe
3%
5 Sudan 297k Masalit
3%
4 Zimbabwe 1.1m Ndau
3%
4 Vietnam 1.08m~ Nùng
3%
5 Suriname 57k Saamáka
3%
5 South Sudan 570k Shilluk
3%
4 Zambia 1.98m siLozi
3%
3 Uganda 4.5m Soga
3%
5 Palau 400 Sonsorolese
3%
4 Sri Lanka 40k Sri Lankan Malay
3%
1 Tanzania 8.1m Sukuma
3%
5 Nepal 1.4m Tamang
3%
5 Mauritania 130k Tamasheq
3%
3 Mexico 550k Tzotzil
3%
4 São Tomé and Príncipe 8k Angolar Creole
1%
5 Portugal 40k Caló
1%
4 Palestine 10k Domari
1%
3 Tunisia 20k Domari
1%
2 Togo 2.2m Kabɩyɛ
1%
3 Madagascar 110k Malagasy Sign Language
1%
3 Nicaragua 40k Miskito Coast Creole
1%
5 Mongolia 12k Mongolian Sign Language
1%
4 Sudan 300k Nòbíín
1%
5 Tanzania 1.5m Nyamwezi
1%
5 Tajikistan 50k Shughni
1%
5 Mexico 400k Tamazunchale Huasteca Nahuatl
1%
4 Nepal 1.7m Tharu
1%
4 Mexico 410k Veracruz Huasteca Nahuatl
1%
5 Mali 700k Xaasongaxango
1%
3 South Sudan 850k Zande
1%
5 Morocco 175k Ait Seghrouchen / Eastern Middle Atlas Berber
0%
3 Peru 1m Ancash Quechua
0%
3 Solomon Islands 17.8k 'Are'are
0%
4 South Sudan 770k Bari
0%
5 Zambia 600k Chilunda
0%
4 Myanmar 1m Eastern Pwo
0%
4 Somalia 86k Garre
0%
4 Tanzania 1.9m Haya
0%
5 Senegal 340k Jola-Fonyi
0%
2 Malaysia 2.6m Kedahan Malay
0%
5 Timor-Leste 81.7k Kemak
0%
5 Papua New Guinea 120k Kuman
0%
5 Sierra Leone 370k Kuranko
0%
1 Solomon Islands 32.4k Kwara'ae
0%
5 Togo 260k Lama
0%
1 Vanuatu 11.5k Lenakel
0%
5 Solomon Islands 13.7k Lengo
0%
4 Niger 860k Lettugal Niiser Fulfulde
0%
4 Sierra Leone 580k Limba
0%
3 Timor-Leste 134.5k Makasae
0%
2 Timor-Leste 172.8k Mambai
0%
5 Tunisia 3.7k Matmata Berber
0%
4 Papua New Guinea 130k Melpa
0%
4 Mali 738k Minyanka
0%
4 Micronesia 5.9k Mortlockese
0%
3 Vanuatu 9.5k Nakanamanga
0%
3 Portugal 60k Portuguese Sign Language
0%
4 Yemen 62.9k Rāziḥī
0%
4 Serbia 70k~ Romano-Serbian
0%
4 Namibia 259k RuKwangali
0%
3 Samoa 6.4k Samoan Sign Language
0%
3 Niger 946k Songhoyboro Ciine
0%
5 Sri Lanka 12k~ Sri Lankan Sign Language
0%
5 Niger 829k Tawəlləmmət
0%
5 Singapore 600k Teochew
0%
5 Uganda 2.5m Teso
0%
4 Vanuatu 9k Uripiv-Wala-Rano-Atchin
0%
5 Uruguay 7k Uruguayan Sign Language
0%
5 Saint Kitts and Nevis 250 Virgin Islands Creole
0%
5 Peru 300k Wanka Quechua
0%
5 Vanuatu 8.7k West Ambae
0%
No matching quizzes found
Score Distribution
Percent of People with Each Score
Percentile by Number Answered
Your Score History
You have not taken this quiz